000 00312nam a2200121Ia 4500
005 20260328104314.0
008 260328s9999||||xx |||||||||||||| ||und||
100 _aMorrison, Jasper
245 0 _aKettal :
_b Outdoor furniture 2019 /
_cJasper Morrison
260 _bAragón
650 _aARQUITECTURA
942 _cBK
999 _c11077
_d11077